000 00728nam a2200229Ia 4500
003 OSt
005 20220928112602.0
006 a|||||r|||| 00| 0
007 ta
008 220927b |||||||| |||| 00| 0 eng d
024 _a145467
037 _cTextual
040 _aSDCL
_cSDCL
_beng
041 _2eng
_aeng
082 _aY58.58aN7, L5
100 _aAllworth Edward
_9428941
245 0 _aSoviet Asia bibliographies
_b A compilation of social science and humanities sources on the Iranian, Mongolian, and Turkic nationalities.
260 _aNew York
_b Praeger Publishers
_c1975
300 _alxiii686p.
_ccm.
942 _hY58.58aN7, L5
_cTEXL
_2CC
999 _c745422
_d745422